Wszystkie historyczne nazwy stolicy Kazachstanu - Statystyki

Ogólne statystyki
  • Ten quiz został rozwiązany 24 razy
  • Średni wynik to 2 z 6
Statystyki odpowiedzi
Okres Nazwa miasta % Poprawnych
1998–2019 Astana
100%
od 2019 Nur-Sułtan
96%
1830–1832 Akmola / Akmoliński prikaz
13%
1832-1961 Akmolińsk
13%
1961–1992 Celinograd
9%
1992–1998 Aqmola
4%
Nie znaleziono quizów pasujących do podanych kryteriów
Rozkład punktacji
Procent ludzi z każdym wynikiem
Percentyl według liczby udzielonych odpowiedzi
Twoja historia wyników
Nie rozwiązałeś tego quizu